| 000 | 00856pam a2200277 a 4500 | ||
|---|---|---|---|
| 999 |
_c2311 _d2311 |
||
| 001 | 016670033 | ||
| 003 | UkOxU | ||
| 005 | 20230413101340.0 | ||
| 008 | 030430s2003 enka j 000 1 eng | ||
| 015 |
_aGBA3W9385 _2bnb |
||
| 020 | _a0746057709 (pbk.) | ||
| 035 | _a(Uk)007715262 | ||
| 040 |
_aStDuBDS _dUk _dKH8 _cUOX |
||
| 042 | _aukblsr | ||
| 082 | 0 | 4 |
_a823.914 DAY _222 |
| 100 | 1 |
_aDaynes, Katie. _eauthor |
|
| 245 | 1 | 0 |
_aAladdin & his magical lamp / _cretold by Katie Daynes ; illustrated by Paddy Mounter. |
| 246 | 3 | _aAladdin and his magical lamp | |
| 260 |
_aLondon : _bUsborne, _c2003. |
||
| 300 |
_a48 p. : _bcol. ill. ; _c20 cm. |
||
| 490 | 1 | _aUsborne young reading. Series one | |
| 650 | 0 |
_aAladdin (Tale) _vJuvenile fiction. |
|
| 700 | 1 |
_aMounter, Paddy. _eIllustrator |
|
| 830 | 0 |
_aUsborne young reading. _nSeries one |
|
| 942 |
_2ddc _cFIC |
||